| 000 | 00566nam a22002057a 4500 | ||
|---|---|---|---|
| 003 | OSt | ||
| 005 | 20140310184344.0 | ||
| 008 | 131007t xxu||||| |||| 00| 0 eng d | ||
| 020 | _a9780439733847 | ||
| 050 |
_aPZ 7 _b.V434 2005 |
||
| 100 |
_aVelasquez, Crystal. _924716 |
||
| 245 |
_aNeighborhood friends / _cCrystal Velasquez. |
||
| 260 |
_aNew York, NY : _bScholastic Inc., _c2005. |
||
| 300 |
_a93 p. : _bill. ; _c20 cm. |
||
| 521 | _aG4 | ||
| 526 | _c600 | ||
| 650 |
_aNeighborhood _xJuvenile literature _924717 |
||
| 942 |
_2lcc _cBK-SCHOLAS |
||
| 999 |
_c33858 _d33858 |
||